Statistics for M Things

Click here to take the quiz!

General Stats

  • This quiz has been taken 37 times
  • The average score is 8 of 16

Answer Stats

Answer% Correct
Moose
100%
Mango
97%
Mint
89%
Manatee
86%
Mascara
83%
Mosaic
74%
Macaroni
60%
Muesli
51%
Mastiff
49%
Mongoose
40%
Malt
20%
Marjoram
14%
Merlin
14%
Maypole
11%
Melbourne
9%
Minotaur
3%

Score Distribution

Percentile by Number Answered

Percent of People with Each Score

Your Score History

You have not taken this quiz